| 000 | 00710nam a22000977a 4500 | ||
|---|---|---|---|
| 008 | 160220b xxu||||| |||| 00| 0 eng d | ||
| 100 | _aMeier zu Eissen, Hans | ||
| 245 |
_aDie Deutschen Privatpost-Anstalten : Handbuch und Katalog der Freimarken und Ganzsachen. Band II. (vol. II) _b Bernburg - Frankfurt |
||
| 260 |
_aMunster, Germany _bElisabeth Meier zu Eissen _c1968 |
||
| 650 | _aGermany | Saxony | Dresden | Germany -- Saxony (1858-1868) | German States | Locals and Private Posts | Postal Stationery | Cards | Post Cards | Printed to Private Order Postal Stationery | 19th Century | 20th Century | Catalogs and Price Lists | Express Companies | Postal History | Postal Markings | Postal Rates | Cinderella Material | ||
| 999 |
_c1788 _d1788 |
||